| 000 | 00652nam a2200241 4500 | ||
|---|---|---|---|
| 005 | 20260322212022.0 | ||
| 008 | data | ||
| 010 | _a 77081581 | ||
| 020 | _a0130221600 | ||
| 020 | _a9780130221605 | ||
| 040 |
_aDLC _cDLC _dDLC |
||
| 050 | 0 | 0 |
_aQL50 _b.C23 1970 |
| 082 | 0 | 0 | _a596 |
| 092 | _a596 C23 1970 | ||
| 245 | 0 | 0 |
_aAlive in the wild. _cedited by Victor Harrison Cahalane & Robert Candy. |
| 260 |
_aEnglewood Cliffs, N.J., _bPrentice-Hall _c[1970] |
||
| 300 |
_aix, 244 p. _billus., map. _c26 cm. |
||
| 350 | _a9.95 | ||
| 650 | 0 | _aZoology. | |
| 700 | 1 |
_aCahalane, Victor Harrison, _d1901- |
|
| 700 | 1 |
_aCandy, Robert, _d1920- _eillus. |
|
| 001 | data | ||
| 999 |
_c501 _d501 |
||